[Event "Madrid-ch sub-12"]
[Site "Madrid ESP"]
[Date "2016.04.24"]
[Round "7.2"]
[White "Fernandez Estremera, Fernando"]
[Black "Guillo Longares, Cecilia"]
[Result "0-1"]
[WhiteElo "1750"]
[BlackElo "1904"]
[PlyCount "96"]
[EventDate "2016.04.16"]
[EventType "swiss"]
[EventRounds "7"]
[EventCountry "ESP"]
[SourceTitle "Ajedrez en Madrid"]
[Source "lmi"]
[SourceDate "2016.04.16"]

1. d4 Nf6 2. c4 c5 3. d5 e6 4. Nc3 exd5 5. cxd5 d6 6. e4 g6 7. Qc2 Bg7 8. Nf3
O-O 9. Be2 Bg4 10. O-O Bxf3 11. Bxf3 a6 12. a4 Nbd7 13. Bf4 Qc7 14. a5 Rfe8 15.
Be2 Ne5 16. Bxe5 Rxe5 17. f4 Re7 18. Bf3 Rae8 19. Rfe1 Nd7 20. Re2 c4 21. Nb1
Qc5+ 22. Kh1 Rc8 23. Ra4 c3 24. b3 b5 25. axb6 Qxb6 26. Bg4 Rb8 27. Bxd7 Qxb3
28. Qxb3 Rxb3 29. Re1 Rxd7 30. Rc4 h6 31. Rc1 Rdb7 32. Nxc3 Bxc3 33. R4xc3 Rxc3
34. Ra1 Rcb3 35. Kg1 Rb1+ 36. Rxb1 Rxb1+ 37. Kf2 a5 38. Ke2 a4 39. Kd2 a3 40.
Kc2 a2 41. e5 dxe5 42. d6 a1=Q 43. d7 Rb2+ 44. Kc3 Qa3+ 45. Kc4 Rb4+ 46. Kc5
Qa5+ 47. Kd6 Rb6+ 48. Ke7 Re6# 0-1

[Event "Madrid-ch sub-12"]
[Site "Madrid ESP"]
[Date "2016.04.24"]
[Round "7.3"]
[White "Zhou, Lulu"]
[Black "Doval Mancheno, Pablo"]
[Result "1-0"]
[WhiteElo "1565"]
[BlackElo "1630"]
[PlyCount "101"]
[EventDate "2016.04.16"]
[EventType "swiss"]
[EventRounds "7"]
[EventCountry "ESP"]
[SourceTitle "Ajedrez en Madrid"]
[Source "lmi"]
[SourceDate "2016.04.16"]

1. e4 e5 2. Nf3 Nc6 3. Bb5 Nge7 4. O-O g6 5. d3 Bg7 6. Nc3 a6 7. Ba4 O-O 8. a3
d6 9. Be3 h6 10. Qd2 Kh7 11. h3 f5 12. Qe2 Be6 13. Rfd1 b5 14. Bb3 Bxb3 15.
cxb3 f4 16. Bd2 Nd4 17. Nxd4 exd4 18. Na2 c5 19. b4 Rc8 20. Rac1 Be5 21. Rc2
Rc6 22. Rdc1 Qc8 23. bxc5 dxc5 24. b4 f3 25. Qf1 fxg2 26. Kxg2 Bd6 27. bxc5
Bxc5 28. Bb4 Bxb4 29. Rxc6 Nxc6 30. Nxb4 Rf6 31. Rc5 Qb7 32. Qc1 Qf7 33. Rxc6
Rxf2+ 34. Kg1 Rf3 35. Rc7 Rf1+ 36. Kg2 Rf2+ 37. Kg3 Rf3+ 38. Kg4 h5+ 39. Kg5
Rg3+ 40. Kh4 Rf3 41. Rxf7+ Rxf7 42. e5 Rf3 43. e6 Re3 44. Qc7+ Kh6 45. Qf4+ Kg7
46. Qxd4+ Kh6 47. Qxe3+ Kg7 48. e7 a5 49. e8=R axb4 50. Kg5 h4 51. Qe7# 1-0

[Event "Madrid-ch sub-12"]
[Site "Madrid ESP"]
[Date "2016.04.24"]
[Round "7.4"]
[White "Reyes Penas, Sebastian"]
[Black "Estevez Sacristan, Deva"]
[Result "1-0"]
[WhiteElo "1752"]
[BlackElo "1642"]
[PlyCount "97"]
[EventDate "2016.04.16"]
[EventType "swiss"]
[EventRounds "7"]
[EventCountry "ESP"]
[SourceTitle "Ajedrez en Madrid"]
[Source "lmi"]
[SourceDate "2016.04.16"]

1. e4 e6 2. d4 d5 3. exd5 exd5 4. Nf3 Bd6 5. Bd3 Ne7 6. O-O Bg4 7. Re1 Nbc6 8.
c3 Qd7 9. Nbd2 O-O-O 10. b4 f6 11. Qa4 h5 12. b5 Nb8 13. Qxa7 h4 14. a4 Bf5 15.
Be2 g5 16. Nf1 g4 17. N3d2 Ng6 18. Nb3 Rh7 19. a5 Rdh8 20. Nc5 Bxc5 21. dxc5 c6
22. b6 g3 23. f3 gxh2+ 24. Kxh2 h3 25. g3 d4 26. cxd4 Qxd4 27. Be3 Qe5 28. a6
bxa6 29. Bxa6+ Nxa6 30. Qxa6+ Rb7 31. Qa8+ Rb8 32. Qxc6+ Kd8 33. Red1+ Ke7 34.
Ra7+ Kf8 35. Qd6+ Qxd6 36. Rxd6 Re8 37. Rxf6+ Kg8 38. Rxf5 Ne7 39. Re5 Kf8 40.
c6 Nxc6 41. Rxe8+ Kxe8 42. Ra8+ Nd8 43. b7 Rh7 44. Rxd8+ Kxd8 45. b8=Q+ Kd7 46.
Qb7+ Ke8 47. Qxh7 Kf8 48. Bc5+ Ke8 49. Qe7# 1-0

[Event "Madrid-ch sub-12"]
[Site "Madrid ESP"]
[Date "2016.04.24"]
[Round "7.5"]
[White "Dominguez Gonzalez, Jimena"]
[Black "Menendez Hernandez, Carlos"]
[Result "0-1"]
[WhiteElo "1105"]
[BlackElo "1485"]
[PlyCount "94"]
[EventDate "2016.04.16"]
[EventType "swiss"]
[EventRounds "7"]
[EventCountry "ESP"]
[SourceTitle "Ajedrez en Madrid"]
[Source "lmi"]
[SourceDate "2016.04.16"]

1. e4 c5 2. Nf3 Nc6 3. Bc4 g6 4. Nc3 Bg7 5. d3 Nf6 6. Be3 d6 7. O-O Ng4 8. h3
Nxe3 9. fxe3 O-O 10. d4 cxd4 11. exd4 Qb6 12. Nd5 Qd8 13. c3 e6 14. Ne3 a6 15.
a4 Re8 16. b4 Kh8 17. Ng5 Qxg5 18. Qd3 f5 19. Rae1 Bd7 20. d5 Ne5 21. Qe2 fxe4
22. a5 Nxc4 23. Nxc4 Bb5 24. Qxe4 exd5 25. Qf3 Bxc4 26. Rf2 Rxe1+ 27. Kh2 Be5+
28. g3 Re2 29. Kg2 Rxf2+ 30. Qxf2 Qxg3+ 31. Qxg3 Bxg3 32. Kxg3 Rc8 33. Kf4 Bb5
34. Ke3 Rxc3+ 35. Kd4 Rxh3 36. Kxd5 Rf3 37. Kxd6 h5 38. Kc7 h4 39. Kxb7 h3 40.
Kb6 h2 41. Kc5 h1=Q 42. Kd4 Qe1 43. Kc5 Qe5+ 44. Kb6 Qd6+ 45. Kb7 Rf7+ 46. Kc8
Qe6+ 47. Kd8 Qe8# 0-1

[Event "Madrid-ch sub-12"]
[Site "Madrid ESP"]
[Date "2016.04.24"]
[Round "7.6"]
[White "Alvarez Poves, Jesus"]
[Black "Galan Garcia, Laura"]
[Result "1/2-1/2"]
[WhiteElo "1626"]
[BlackElo "1177"]
[PlyCount "75"]
[EventDate "2016.04.16"]
[EventType "swiss"]
[EventRounds "7"]
[EventCountry "ESP"]
[SourceTitle "Ajedrez en Madrid"]
[Source "lmi"]
[SourceDate "2016.04.16"]

1. d4 d5 2. c4 c6 3. Nf3 Nf6 4. Nc3 g6 5. Bf4 Bg7 6. c5 O-O 7. e3 Bf5 8. Bd3
Ne4 9. Bxe4 dxe4 10. Nd2 Nd7 11. Ndxe4 Qa5 12. a3 Qa6 13. Qe2 Qxe2+ 14. Kxe2 e5
15. Bxe5 Nxe5 16. dxe5 Bxe5 17. f4 Bxe4 18. Nxe4 Bxb2 19. Ra2 Bg7 20. Rb1 Rab8
21. Nd6 b6 22. cxb6 axb6 23. Nc4 b5 24. Ne5 Bxe5 25. fxe5 Rfe8 26. Rc2 Rxe5 27.
Rxc6 Ra8 28. Rb3 Kg7 29. Rb6 Ra5 30. Rb7 Kf6 31. Rc3 Re7 32. Rxe7 Kxe7 33. Kd2
Ra4 34. Kc2 b4 35. axb4 Rxb4 36. Rc7+ Kf6 37. Kc3 Ra4 38. Kd3 1/2-1/2